[Event "Aimchess Rapid Div 1 W"]
[Site "chess.com INT"]
[Date "2023.07.11"]
[Round "2.3"]
[White "Caruana, Fabiano"]
[Black "Carlsen, Magnus"]
[Result "1/2-1/2"]
[WhiteTitle "GM"]
[BlackTitle "GM"]
[WhiteElo "2782"]
[BlackElo "2835"]
[WhiteFideId "2020009"]
[BlackFideId "1503014"]
[EventDate "2023.07.10"]
[EventType "k.o."]

1. e4 c5 2. Nf3 Nc6 3. Bb5 e5 4. O-O Bd6 5. c3 a6 6. Ba4 b5 7. Bc2 Nge7 8. d3
Ng6 9. Be3 O-O 10. Nbd2 Be7 11. a4 Rb8 12. axb5 axb5 13. Bb3 d6 14. Bd5 Qe8 15.
Re1 Bd8 16. Nf1 Nce7 17. Bb3 Kh8 18. Ng5 h6 19. Qh5 f5 20. exf5 Nxf5 21. Ne4 Bb7
22. Nfg3 Ngh4 23. Qxe8 Rxe8 24. Bd2 Bb6 25. Bf7 Rf8 26. Be6 c4 27. Nxf5 Nxf5 28.
Bxf5 Rxf5 29. Be3 Bxe3 30. Rxe3 Bxe4 31. dxe4 Rf7 32. h4 b4 33. cxb4 Rxb4 34.
Re2 Rfb7 35. Ra2 h5 36. f3 Kh7 37. Kh2 Rb3 38. Rc2 R7b4 39. Kg3 Kh6 40. Ra6 Rb6
41. Ra2 R6b4 42. Ra6 Rb6 43. Rxb6 Rxb6 44. Rxc4 Rxb2 45. Rc8 g6 46. Rc7 Rd2 47.
Rd7 Rd1 48. Re7 Rd2 49. Kh3 Rd3 50. Kh2 Rd2 51. Kg1 Rd1+ 52. Kf2 Rd2+ 53. Kg3
Rd3 54. Kh3 Ra3 55. Rd7 Rd3 56. Kh2 Rd2 57. Kg1 Rd1+ 58. Kf2 Rd2+ 59. Kf1 g5 60.
hxg5+ Kxg5 61. Kg1 Kh4 62. Rg7 Ra2 63. Kh2 Rb2 64. Rg8 Ra2 65. Rg6 Rd2 66. Kg1
d5 67. exd5 Rxd5 68. Kf2 Ra5 69. Ke3 Ra4 70. Rg8 Re4+ 71. Kf2 Ra4 72. Kg1 Ra1+
73. Kh2 Ra2 74. Rg7 Rb2 75. Rg6 Ra2 76. Rg8 Rb2 77. Kg1 Ra2 78. Kh2 Rb2 79. Re8
Rb5 80. Rg8 Rb2 1/2-1/2

[Event "Aimchess Rapid Div 1 W"]
[Site "chess.com INT"]
[Date "2023.07.11"]
[Round "2.4"]
[White "Carlsen, Magnus"]
[Black "Caruana, Fabiano"]
[Result "1/2-1/2"]
[WhiteTitle "GM"]
[BlackTitle "GM"]
[WhiteElo "2835"]
[BlackElo "2782"]
[WhiteFideId "1503014"]
[BlackFideId "2020009"]
[EventDate "2023.07.10"]
[EventType "k.o."]

1. e4 d6 2. d4 g6 3. Nf3 Bg7 4. Bc4 e6 5. O-O a6 6. Re1 Ne7 7. Bb3 O-O 8. Nbd2
b5 9. Nf1 Bb7 10. c3 c5 11. Ng3 Nbc6 12. h4 h6 13. Bf4 Kh7 14. d5 exd5 15. Bxd5
Nxd5 16. Qxd5 Na5 17. Qxd6 Nc4 18. Qxd8 Raxd8 19. Rab1 Rfe8 20. b3 Na3 21. Rbc1
Rd3 22. Re3 Red8 23. Rxd3 Rxd3 24. Ne5 Bxe5 25. Bxe5 Bc8 26. Bf6 Be6 27. Nf1 Rd7
28. Ne3 a5 29. c4 Rd2 30. cxb5 Nxb5 31. Rxc5 Nd6 32. e5 Ne4 33. Rxa5 g5 34. h5
g4 35. Ra4 Nxf6 36. exf6 g3 37. fxg3 Re2 38. Ng4 Bd5 39. Nf2 Re1+ 40. Kh2 Re2
41. Kg1 Re1+ 42. Kh2 Re2 43. Kg1 1/2-1/2

[Event "Aimchess Rapid Div 1 W"]
[Site "chess.com INT"]
[Date "2023.07.12"]
[Round "3.1"]
[White "Abdusattorov, Nodirbek"]
[Black "Carlsen, Magnus"]
[Result "0-1"]
[WhiteTitle "GM"]
[BlackTitle "GM"]
[WhiteElo "2725"]
[BlackElo "2835"]
[WhiteFideId "14204118"]
[BlackFideId "1503014"]
[EventDate "2023.07.10"]
[EventType "k.o."]

1. d4 Nf6 2. Nf3 g6 3. c4 d6 4. g3 c6 5. Bg2 Qa5+ 6. Nc3 Ne4 7. Qb3 Bg7 8. O-O
Nxc3 9. bxc3 O-O 10. e4 c5 11. Bf4 Nd7 12. Bg5 Re8 13. Rfd1 Nb6 14. Qb5 Qxb5 15.
cxb5 Na4 16. Rac1 Be6 17. Rc2 a6 18. Bf1 h6 19. Be3 axb5 20. Bxb5 Rec8 21. Rdc1
Nb6 22. d5 Bd7 23. Rb1 Rc7 24. Nd2 Bxb5 25. Rxb5 Nd7 26. Rb3 Ra4 27. c4 b6 28.
a3 Rca7 29. Ra2 Ne5 30. Rc2 R7a6 31. Bf4 Nd7 32. Ra2 g5 33. Be3 Ne5 34. f4 Nxc4
35. Nxc4 Rxc4 36. fxg5 h5 37. Kf2 Rxe4 38. Kf3 Rea4 39. Bf4 Bd4 40. Bc1 Be5 41.
Re2 Kg7 42. h4 Kg6 43. Rd3 Rg4 44. Kg2 Rd4 45. Rxd4 cxd4 46. Rc2 Ra5 47. Rc7 Rc5
48. Rxc5 dxc5 49. Kf3 Kf5 50. a4 0-1

[Event "Aimchess Rapid Div 1 W"]
[Site "chess.com INT"]
[Date "2023.07.12"]
[Round "3.2"]
[White "Carlsen, Magnus"]
[Black "Abdusattorov, Nodirbek"]
[Result "1-0"]
[WhiteTitle "GM"]
[BlackTitle "GM"]
[WhiteElo "2835"]
[BlackElo "2725"]
[WhiteFideId "1503014"]
[BlackFideId "14204118"]
[EventDate "2023.07.10"]
[EventType "k.o."]

1. e4 c5 2. Nf3 e6 3. d4 cxd4 4. Nxd4 Nf6 5. Bd3 d6 6. c4 Be7 7. Nc3 a6 8. Be3
O-O 9. O-O b6 10. f4 Qc7 11. Rc1 Nbd7 12. g4 Nc5 13. Bb1 Bb7 14. Qf3 g6 15. b4
Ncd7 16. g5 Nh5 17. Nd5 Qd8 18. Nxe7+ Qxe7 19. Qh3 Rae8 20. Rce1 Qd8 21. Ne2 e5
22. f5 f6 23. Qh4 Rf7 24. Rd1 Qc7 25. Bd3 Ref8 26. gxf6 Ndxf6 27. Bh6 g5 28.
Qxg5+ Kh8 29. Bxf8 Rxf8 30. Ng3 Rg8 31. Qh6 Qf7 32. Be2 Nf4 33. Rxf4 exf4 34.
Qxf4 Nxe4 35. Kf1 Qg7 36. f6 Nxf6 37. Ke1 Qe7 38. Qxd6 Qg7 39. Qxb6 Re8 40. Rd8
Rxd8 41. Qxd8+ Ng8 42. Nf5 Qc3+ 43. Kf2 1-0

[Event "Aimchess Rapid Div 1 W"]
[Site "chess.com INT"]
[Date "2023.07.12"]
[Round "3.3"]
[White "Abdusattorov, Nodirbek"]
[Black "Carlsen, Magnus"]
[Result "1/2-1/2"]
[WhiteTitle "GM"]
[BlackTitle "GM"]
[WhiteElo "2725"]
[BlackElo "2835"]
[WhiteFideId "14204118"]
[BlackFideId "1503014"]
[EventDate "2023.07.10"]
[EventType "k.o."]

1. d4 Nf6 2. c4 e6 3. Nf3 d5 4. g3 c5 5. Bg2 cxd4 6. O-O Bc5 7. Nxd4 O-O 8. cxd5
Nxd5 9. Nb3 Bb6 10. Bd2 Nc6 11. Na3 e5 12. Rc1 Be6 13. Nc5 Bxc5 14. Rxc5 Nb6 15.
Bxc6 bxc6 16. Rxe5 Bxa2 17. Bc3 Qxd1 18. Rxd1 Rfe8 19. Rxe8+ Rxe8 20. f3 Nd5 21.
Kf2 Nxc3 22. bxc3 a5 23. Rd6 Rc8 24. Nc2 Kf8 25. Rd7 a4 26. Ra7 c5 27. Ne1 Bb3
28. Nd3 h5 29. Ra5 Ke7 30. Nb2 Rd8 31. Nxa4 Rd2 32. Nxc5 Bc4 33. Ke3 Rc2 34. Nd3
g6 35. Kd4 Bxd3 36. Kxd3 Rc1 37. Ra2 Rh1 38. e4 Kd6 39. Rd2 g5 40. Kd4 Ke6 41.
c4 Rf1 42. Ke3 Rc1 43. Rd5 f6 44. c5 Rc3+ 45. Kd2 Rc4 46. h4 g4 47. Rxh5 gxf3
48. Ke3 f2 49. Rf5 Rxc5 50. Rxf2 Rc1 51. Rh2 Kf7 52. Kf4 Rf1+ 53. Kg4 Re1 54.
Kf3 Ra1 55. h5 Kg7 56. g4 Kh6 57. Rd2 Rf1+ 58. Rf2 Ra1 59. Kf4 Ra5 60. Rd2 Ra1
61. Kf5 Rf1+ 62. Ke6 Rf4 63. Re2 Kg5 64. Kf7 Rxg4 65. Rh2 Kh6 66. Re2 Rf4 1/2-1/2

[Event "Aimchess Rapid Div 1 W"]
[Site "chess.com INT"]
[Date "2023.07.14"]
[Round "4.2"]
[White "So, Wesley"]
[Black "Carlsen, Magnus"]
[Result "0-1"]
[WhiteTitle "GM"]
[BlackTitle "GM"]
[WhiteElo "2769"]
[BlackElo "2835"]
[WhiteFideId "5202213"]
[BlackFideId "1503014"]
[EventDate "2023.07.10"]

1. c4 Nf6 2. Nc3 e5 3. Nf3 Nc6 4. g3 d5 5. cxd5 Nxd5 6. Bg2 Nf6 7. O-O h6 8. a3
Bd6 9. b4 O-O 10. d3 Re8 11. Bb2 a6 12. Rc1 Be6 13. Na4 Qd7 14. Nc5 Bxc5 15.
Rxc5 Bh3 16. Bxh3 Qxh3 17. Bxe5 Nd7 18. Bxc7 Rac8 19. Bf4 Nxc5 20. bxc5 Qe6 21.
e3 Ne7 22. Nd4 Qd5 23. Bd6 b6 24. Bxe7 bxc5 25. Bxc5 Rxc5 26. Qa4 Rec8 27. Qxa6
Rc1 28. h4 Kh7 29. Qa4 Rxf1+ 30. Kxf1 Rc1+ 31. Ke2 Qh1 32. Qb3 Re1+ 33. Kd2 Rb1
34. Qc2 Qe1# 0-1

[Event "Aimchess Rapid Div 1 W"]
[Site "chess.com INT"]
[Date "2023.07.14"]
[Round "4.3"]
[White "Carlsen, Magnus"]
[Black "So, Wesley"]
[Result "0-1"]
[WhiteTitle "GM"]
[BlackTitle "GM"]
[WhiteElo "2835"]
[BlackElo "2769"]
[WhiteFideId "1503014"]
[BlackFideId "5202213"]
[EventDate "2023.07.10"]

1. e4 c5 2. Nf3 d6 3. d4 cxd4 4. Nxd4 Nf6 5. Nc3 a6 6. a4 Nc6 7. Nxc6 bxc6 8. a5
e6 9. Bd3 d5 10. O-O Be7 11. Re1 O-O 12. Bf4 Bb7 13. e5 Nd7 14. Re3 g6 15. Rh3
f5 16. exf6 Rxf6 17. Qg4 e5 18. Bh6 Bc8 19. Rg3 Nc5 20. Qd1 Rb8 21. Bg5 Rd6 22.
Bxe7 Qxe7 23. Qc1 Rf6 24. Na4 e4 25. Bf1 Nxa4 26. Rxa4 Qf8 27. f3 Qc5+ 28. Kh1
Qf2 29. Ra1 exf3 30. gxf3 Rxf3 31. Rxf3 Qxf3+ 32. Bg2 Qf6 33. c3 Bf5 34. Qd2 Be4
35. Re1 Re8 36. Kg1 Rf8 37. Qe3 Re8 38. Qg3 Qe7 39. b4 Kg7 40. Bf1 Rf8 41. Bg2
Rf5 42. h4 Re5 43. Re3 Rh5 44. c4 Rxh4 45. cxd5 cxd5 46. Rc3 Qf6 47. Rc7+ Kh6
48. Qe3+ g5 49. Rb7 Qa1+ 50. Kf2 0-1

[Event "Aimchess Rapid Div 1 W"]
[Site "chess.com INT"]
[Date "2023.07.14"]
[Round "4.4"]
[White "So, Wesley"]
[Black "Carlsen, Magnus"]
[Result "0-1"]
[WhiteTitle "GM"]
[BlackTitle "GM"]
[WhiteElo "2769"]
[BlackElo "2835"]
[WhiteFideId "5202213"]
[BlackFideId "1503014"]
[EventDate "2023.07.10"]

1. c4 Nf6 2. Nf3 e6 3. Nc3 d5 4. e3 c5 5. d4 a6 6. cxd5 exd5 7. g3 c4 8. Bg2 Bb4
9. O-O O-O 10. Ne5 Re8 11. Bd2 Nc6 12. a3 Ba5 13. b4 cxb3 14. Nxc6 bxc6 15. Qxb3
h5 16. Qc2 h4 17. Rfc1 h3 18. Bh1 Bg4 19. Nb1 Bb6 20. Bb4 Ne4 21. Bxe4 Rxe4 22.
Nd2 Re6 23. Qd3 Qf6 24. Qf1 Ree8 25. Rab1 Reb8 26. Bc5 Ba5 27. Bb4 Bc7 28. Bc3
a5 29. f3 Bf5 30. e4 Be6 31. e5 Qe7 32. Ra1 c5 33. Qf2 c4 34. g4 f6 35. Kh1 fxe5
36. dxe5 Bb6 37. Bd4 Bxd4 38. Qxd4 Qa7 39. Qxa7 Rxa7 40. Rc2 d4 41. Nxc4 Rc8 42.
Rac1 d3 43. Rc3 Rxc4 44. Rxc4 Bxc4 45. Rxc4 d2 46. Rd4 Rc7 47. Rxd2 Rc1+ 48. Rd1
Rxd1# 0-1